[Event "4NCL Division 1c"]
[Site "Hinckley Island ENG"]
[Date "2015.05.02"]
[Round "9.142"]
[White "Smerdon, Dave"]
[Black "Hawkins, Jonathan"]
[Result "1/2-1/2"]
[WhiteElo "2521"]
[BlackElo "2552"]
[PlyCount "196"]
[EventDate "2015.05.02"]
[WhiteTeam "Guildford 2"]
[BlackTeam "Cheddleton 1"]

1. d4 Nf6 2. Bg5 Ne4 3. Bf4 d5 4. e3 c5 5. Bd3 cxd4 6. exd4 Qb6 7. Bxe4 dxe4 8.
Nc3 Nc6 9. Nge2 Bg4 10. Nxe4 e5 11. dxe5 Qb4+ 12. Qd2 Qxe4 13. f3 Bxf3 14. gxf3
Qxf3 15. Rf1 Qh3 16. O-O-O Rd8 17. Qc3 Qxc3 18. Nxc3 Be7 19. Nd5 O-O 20. Nxe7+
Nxe7 21. Bg5 Rxd1+ 22. Rxd1 Ng6 23. Rd7 Rb8 24. e6 fxe6 25. Be3 Ne5 26. Re7 Nc6
27. Rc7 h5 28. b4 Nxb4 29. Bxa7 Ra8 30. Bd4 Rxa2 31. Rxg7+ Kf8 32. Rxb7 Rxc2+
33. Kd1 Rxh2 34. Rxb4 Kf7 35. Be5 Rf2 36. Rb7+ Kg6 37. Rg7+ Kh6 38. Rg8 h4 39.
Ke1 Rf5 40. Bd4 e5 41. Bf2 Rh5 42. Bg1 e4 43. Ke2 Ra5 44. Bf2 Ra2+ 45. Kf1 h3
46. Rh8+ Kg5 47. Rxh3 e3 48. Rxe3 Kf4 49. Kg2 Rc2 50. Rf3+ Kg4 51. Rd3 Rc4 52.
Be3 Rc2+ 53. Bd2 Kf5 54. Kf3 Ra2 55. Bb4 Ra4 56. Rd5+ Ke6 57. Rb5 Ra2 58. Ke4
Re2+ 59. Kd4 Rg2 60. Rb6+ Kd7 61. Bc3 Rg1 62. Kd5 Rd1+ 63. Bd4 Rd2 64. Rb7+ Kd8
65. Ke5 Kc8 66. Rh7 Rd1 67. Bc5 Rd7 68. Be7 Kb7 69. Ke6 Rd1 70. Bd6+ Kc6 71.
Rc7+ Kb6 72. Kd7 Rh1 73. Rc4 Rh7+ 74. Be7 Kb5 75. Rb4+ Ka5 76. Rb1 Ka4 77. Ke6
Rh5 78. Bd6 Rb5 79. Rc1 Kb3 80. Bc5 Kb2 81. Rc4 Kb3 82. Kd5 Rb8 83. Be7 Rh8 84.
Rc6 Rb8 85. Kd4 Rh8 86. Rc3+ Kb2 87. Bf6 Rh6 88. Rf3 Kc2 89. Kc4 Rh2 90. Bg5
Rg2 91. Bf4 Re2 92. Rc3+ Kb2 93. Kd3 Re8 94. Bc1+ Kb1 95. Be3 Rd8+ 96. Bd4 Rb8
97. Ra3 Kc1 98. Ra2 Kd1 1/2-1/2

[Event "4NCL Division 1c"]
[Site "Hinckley Island ENG"]
[Date "2015.05.02"]
[Round "9.143"]
[White "Hamitevici, Vladimir"]
[Black "Le Roux, Jean-Pierre"]
[Result "0-1"]
[WhiteElo "2434"]
[BlackElo "2546"]
[PlyCount "86"]
[EventDate "2015.05.02"]
[WhiteTeam "Cheddleton 1"]
[BlackTeam "Guildford 2"]

1. Nf3 Nf6 2. g3 b5 3. Bg2 Bb7 4. Na3 a6 5. c4 e5 6. O-O Bxa3 7. bxa3 d6 8. Rb1
O-O 9. a4 Nbd7 10. Qc2 b4 11. Rxb4 Bc6 12. a5 Nc5 13. Bb2 Re8 14. Ba1 h6 15.
Qc3 Qd7 16. d3 Rab8 17. a3 Rbd8 18. e4 Qg4 19. h3 Qh5 20. Qd2 Bd7 21. Nh4 Qg5
22. Qd1 Nh7 23. Bb2 Nf8 24. Bc1 Qf6 25. Be3 Bc8 26. f4 exf4 27. Rxf4 Qc3 28.
Bxc5 dxc5 29. Rb3 Qxc4 30. Qb1 Qd4+ 31. Kh2 Be6 32. Nf5 Qe5 33. Rb7 Ng6 34. Rf1
Ne7 35. Nxe7+ Rxe7 36. Rc1 Red7 37. Rb8 Rxb8 38. Qxb8+ Kh7 39. Qb1 c4 40. dxc4
Rd2 41. Qb4 Re2 42. Re1 Rb2 43. Qe7 Rxg2+ 0-1

[Event "4NCL Division 1c"]
[Site "Hinckley Island ENG"]
[Date "2015.05.02"]
[Round "9.144"]
[White "Suarez Real, Alberto"]
[Black "Williams, Simon K"]
[Result "1/2-1/2"]
[WhiteElo "2462"]
[BlackElo "2430"]
[PlyCount "98"]
[EventDate "2015.05.02"]
[WhiteTeam "Guildford 2"]
[BlackTeam "Cheddleton 1"]

1. e4 d6 2. d4 Nf6 3. Nc3 Nbd7 4. g4 h6 5. Be3 e5 6. h3 c6 7. Bg2 b5 8. a3 exd4
9. Bxd4 Ne5 10. f4 Ng6 11. e5 dxe5 12. Bxc6+ Bd7 13. Bxd7+ Nxd7 14. fxe5 Be7
15. Nf3 h5 16. e6 fxe6 17. Qd3 Nf4 18. Qe4 hxg4 19. Qxf4 gxf3 20. Qxf3 Bh4+ 21.
Ke2 Nf6 22. Qc6+ Kf7 23. Nxb5 Kg8 24. Rad1 Kh7 25. Rhg1 Rc8 26. Qb7 Rg8 27. Bc3
Qe8 28. Nd6 Qh5+ 29. Qf3 Qxf3+ 30. Kxf3 Rcf8 31. Bxf6 Bxf6 32. Ke4 Bxb2 33. Nc4
Bf6 34. Rd7 Rc8 35. Ne3 Rgd8 36. Rgd1 Rxd7 37. Rxd7 a5 38. Ra7 Rc5 39. Ra6 Rh5
40. Ng4 Bb2 41. a4 Rc5 42. Ne3 e5 43. Kd3 Bc1 44. Nc4 Rd5+ 45. Ke2 Rd4 46. Rc6
Rh4 47. Nxa5 Rxh3 48. Nc4 e4 49. Re6 Rh2+ 1/2-1/2

[Event "4NCL Division 1c"]
[Site "Hinckley Island ENG"]
[Date "2015.05.02"]
[Round "9.145"]
[White "Eggleston, David J"]
[Black "Sarakauskas, Gediminas"]
[Result "0-1"]
[WhiteElo "2424"]
[BlackElo "2447"]
[PlyCount "90"]
[EventDate "2015.05.02"]
[WhiteTeam "Cheddleton 1"]
[BlackTeam "Guildford 2"]

1. e4 e6 2. d4 d5 3. Nc3 Nf6 4. Bg5 dxe4 5. Nxe4 Nbd7 6. Nf3 h6 7. Nxf6+ Nxf6
8. Be3 Bd6 9. Bd3 Nd5 10. O-O Nxe3 11. fxe3 O-O 12. c3 Qe7 13. Bc2 e5 14. Qd3
g6 15. Nd2 Kg7 16. e4 exd4 17. cxd4 c5 18. e5 Bc7 19. Rf6 Bf5 20. Rxf5 gxf5 21.
Qxf5 Rh8 22. Ne4 cxd4 23. Qg4+ Kf8 24. Nf6 Rd8 25. Rf1 Qxe5 26. g3 d3 27. Bb3
Qd4+ 28. Qxd4 Rxd4 29. Nd5 Be5 30. Ne3 Rd7 31. Nd5 Kg7 32. Rd1 Rc8 33. Rxd3
Rc1+ 34. Kg2 Rb1 35. Kf3 Rxb2 36. Ke4 Re2+ 37. Kf5 Bb8 38. Kg4 Rxh2 39. Rf3 Rd6
40. Ne7 Rd4+ 41. Rf4 h5+ 42. Kf3 Rd3+ 43. Ke4 Rxb3 44. axb3 Re2+ 45. Kf3 Rxe7
0-1

[Event "4NCL Division 1c"]
[Site "Hinckley Island ENG"]
[Date "2015.05.02"]
[Round "9.146"]
[White "Milliet, Sophie"]
[Black "Kirk, Ezra G"]
[Result "1-0"]
[WhiteElo "2377"]
[BlackElo "2338"]
[PlyCount "75"]
[EventDate "2015.05.02"]
[WhiteTeam "Guildford 2"]
[BlackTeam "Cheddleton 1"]

1. e4 e6 2. d4 d5 3. Nc3 Bb4 4. e5 c5 5. a3 Bxc3+ 6. bxc3 Ne7 7. Qg4 Qc7 8.
Qxg7 Rg8 9. Qxh7 cxd4 10. Ne2 Nbc6 11. f4 Bd7 12. h4 dxc3 13. h5 d4 14. Qd3
O-O-O 15. h6 Kb8 16. h7 Rh8 17. g4 Bc8 18. Bg2 b6 19. Rb1 Bb7 20. Kf2 Qc8 21.
a4 Nd5 22. Ba3 Ba6 23. Rb5 Ncb4 24. Qe4 d3 25. Rxb4 dxe2 26. Rd4 Bb7 27. Bd6+
Ka8 28. Qxe2 Rxd6 29. exd6 Qc5 30. Qc4 Qxd6 31. Qxc3 f6 32. Qd2 Qc5 33. Kg3
Qa3+ 34. Qd3 Qb2 35. Bxd5 Bxd5 36. Rxd5 exd5 37. Qxd5+ Kb8 38. Qg8+ 1-0

[Event "4NCL Division 1c"]
[Site "Hinckley Island ENG"]
[Date "2015.05.02"]
[Round "9.147"]
[White "Johannesson, Ingvar T"]
[Black "Wadsworth, Matthew"]
[Result "1-0"]
[WhiteElo "2378"]
[BlackElo "2335"]
[PlyCount "105"]
[EventDate "2015.05.02"]
[WhiteTeam "Cheddleton 1"]
[BlackTeam "Guildford 2"]

1. d4 d5 2. c4 c6 3. Nf3 Nf6 4. Nc3 a6 5. e3 b5 6. c5 Nbd7 7. b4 a5 8. bxa5
Qxa5 9. Bd2 b4 10. Ne2 Ne4 11. Nc1 e5 12. Be2 Be7 13. O-O O-O 14. Nb3 Qa4 15.
Qc2 Ba6 16. Bxa6 Rxa6 17. Rfb1 Rfa8 18. Ne1 Qb5 19. Nc1 Ra4 20. Nf3 Bf6 21. Be1
exd4 22. exd4 Ndxc5 23. dxc5 Bxa1 24. Rxa1 Qxc5 25. Qb2 Nc3 26. Nd3 Qb5 27. Nc1
Qc4 28. Ne5 Qe4 29. Ned3 Nxa2 30. Rxa2 Rxa2 31. Nxa2 Qxd3 32. Nxb4 Qd1 33. Qe5
Qc1 34. h4 h6 35. Kh2 d4 36. Nd3 Qc4 37. Nf4 g6 38. Qe4 Rd8 39. Bd2 Qc5 40.
Nxg6 Qd6+ 41. Nf4 c5 42. Qd3 Rc8 43. Qe2 Rc7 44. g3 c4 45. Qe8+ Kh7 46. Qe4+
Kg8 47. Nd5 Rd7 48. Qe8+ Kh7 49. Qxd7 Qxd7 50. Nf6+ Kg7 51. Nxd7 c3 52. Be1 f5
53. Ne5 1-0

[Event "4NCL Division 1c"]
[Site "Hinckley Island ENG"]
[Date "2015.05.02"]
[Round "9.148"]
[White "Ciuksyte, Dagne"]
[Black "Steil-Antoni, Fiona"]
[Result "1-0"]
[WhiteElo "2342"]
[BlackElo "2081"]
[PlyCount "55"]
[EventDate "2015.05.02"]
[WhiteTeam "Guildford 2"]
[BlackTeam "Cheddleton 1"]

1. e4 e5 2. Nf3 Nc6 3. Bb5 f5 4. d3 fxe4 5. dxe4 Nf6 6. O-O d6 7. Nc3 h6 8. Nh4
Bg4 9. Qd3 Bh5 10. Nf5 Qd7 11. Nd5 a6 12. Ba4 Bg6 13. Nh4 Bh7 14. Nxf6+ gxf6
15. f4 Qg4 16. Nf5 Bxf5 17. exf5 Be7 18. Rf3 Qg8 19. fxe5 dxe5 20. Qe4 Rd8 21.
Bxc6+ bxc6 22. Qxc6+ Kf8 23. Be3 Qd5 24. Qxa6 Rg8 25. Bxh6+ Kf7 26. Qe2 e4 27.
Rff1 e3 28. Qh5+ 1-0